Normal view
MARC view
- اللغة العربية - شرح اللغة
Entry Topical Term
001 - CONTROL NUMBER
- control field: 34878
003 - CONTROL NUMBER IDENTIFIER
- control field: JO-AjAnu
005 - DATE AND TIME OF LATEST TRANSACTION
- control field: 20230606075834.0
008 - FIXED-LENGTH DATA ELEMENTS
- fixed length control field: 230606|| aca||aabn | a|a d
040 ## - CATALOGING SOURCE
- Original cataloging agency: JO-AjAnu
- Transcribing agency: JO-AjAnu
150 ## - HEADING--TOPICAL TERM
- Topical term or geographic name entry element: اللغة العربية - شرح اللغة
670 ## - SOURCE DATA FOUND
- Source citation: Work cat.: (JO-AjAnu)17911: الإسكافي، أبي عبدالله محمد بن عبدالله الخطيب؛ تحقيق وتعليق يحيى القاسم, author 34877, شرح أبيات مبادىء اللغة